MCSR Ranked End-of-Season Top 5s - Statistics

General Stats
  • This quiz has been taken 94 times
    13 since last reset
  • The average score is 13 of 16
Answer Stats
Seasons Answer % Correct
5, 6, 7, 8 bing_pigs
100%
3, 4, 5, 6, 8, 9 doogile
100%
8, 9, 10 edcr
100%
1, 2, 7, 10 Feinberg
100%
7, 8, 9, 10 Infume
100%
2, 3, 4, 5, 6, 7, 10 lowk3y_
100%
1, 2, 8 silverrruns
100%
1, 3, 4, 5, 7 7rowl
91%
10 BlazeMind
91%
4, 6, 9 hackingnoises
91%
2, 3, 4 priffie
91%
6 BeefSalad
82%
5 Ancoboyy
55%
9 nahhann
55%
1, 2, 3 Oxidiot
45%
1 orachi_
36%
No matching quizzes found
Score Distribution
Percent of People with Each Score
Percentile by Number Answered
Your Score History
You have not taken this quiz since the last reset